LEADER 00860nam0-22002771i-450- 001 990000099690403321 035 $a000009969 035 $aFED01000009969 035 $a(Aleph)000009969FED01 035 $a000009969 100 $a20011111d--------km-y0itay50------ba 101 0 $aita 105 $ay-------001yy 200 1 $aRaccolta delle leggi e decreti relativi alla costruzione delle strade ferrate governative e di quelle concesseall'industria privata nel Regno d'Italia 210 $aTorino$cTipografia Ceresole e Panizza$d1862 215 $aXLII, 693 p., 1 c. geog.$cill.$d32 cm 610 0 $aFerrovie$aItalia$aLegislazione 676 $a343.095 710 02$aItalia 801 0$aIT$bUNINA$gRICA$2UNIMARC 901 $aBK 912 $a990000099690403321 952 $a13 AR 18 E 46$b4246$fFINBC 959 $aFINBC 997 $aUNINA DB $aING01 LEADER 01133nam0-2200349---450- 001 990009921230403321 005 20141201130151.0 010 $a88-495-0045-9 035 $a000992123 035 $aFED01000992123 035 $a(Aleph)000992123FED01 035 $a000992123 100 $a20141201d2001----km-y0itay50------ba 101 0 $aita 102 $aIT 105 $ac-------101yy 200 1 $aAtti dell'Accademia romanistica Costantiniana$e13. Convegno internazionale in memoria di André Chastagnol 210 $aNapoli$cESI$d2001 215 $a861 p.$c1 ritr.$d24 cm 225 1 $aUniversità degli studi di Perugia. Facoltà di giurisprudenza 610 0 $aChastagnol, André$aScritti in onore 610 0 $aDiritto romano$aAtti di congressi 610 0 $aImpero romano$aSec. 4.-5. 676 $a340.54$v21$zita 710 02$aAccademia romanistica Costantiniana$0240708 801 0$aIT$bUNINA$gRICA$2UNIMARC 901 $aBK 912 $a990009921230403321 952 $aCONGR. COSTANTINIANA 13$b2611$fNAP02 959 $aNAP02 996 $aAtti dell'Accademia romanistica costantiniana$9243398 997 $aUNINA LEADER 02229nam 2200589 450 001 9910480536003321 005 20170821172538.0 010 $a1-4704-0795-7 035 $a(CKB)3360000000464559 035 $a(EBL)3114031 035 $a(SSID)ssj0000888971 035 $a(PQKBManifestationID)11549038 035 $a(PQKBTitleCode)TC0000888971 035 $a(PQKBWorkID)10866006 035 $a(PQKB)10865519 035 $a(MiAaPQ)EBC3114031 035 $a(PPN)195412583 035 $a(EXLCZ)993360000000464559 100 $a20140912h19871987 uy 0 101 0 $aeng 135 $aur|n|---||||| 181 $ctxt 182 $cc 183 $acr 200 10$aHardy type inequalities for abstract differential operators /$fWerner Amrein, Anne Boutet de Monvel-Berthier, and Vladimir Georgescu 210 1$aProvidence, Rhode Island :$cAmerican Mathematical Society,$d1987. 210 4$d©1987 215 $a1 online resource (129 p.) 225 1 $aMemoirs of the American Mathematical Society,$x0065-9266 ;$vNumber 375 300 $a"November 1987, Volume 70, Number 375 (third of 6 numbers)." 311 $a0-8218-2438-4 320 $aIncludes bibliographical references. 327 $a""Table of Contents""; ""1. Introduction""; ""2. Preliminary Inequalities""; ""3. Hardy Type Inequalities""; ""4. Some Extensions of the Hardy Type Inequalities""; ""5. Examples""; ""Appendix""; ""Bibliography"" 410 0$aMemoirs of the American Mathematical Society ;$vNumber 375. 606 $aDifferential equations, Partial$xAsymptotic theory 606 $aDifferential operators 606 $aInequalities (Mathematics) 608 $aElectronic books. 615 0$aDifferential equations, Partial$xAsymptotic theory. 615 0$aDifferential operators. 615 0$aInequalities (Mathematics) 676 $a515.7/242 700 $aAmrein$b Werner O.$044322 702 $aBoutet de Monvel-Berthier$b Anne$f1948- 702 $aGeorgescu$b V$g(Vladimir),$f1947- 801 0$bMiAaPQ 801 1$bMiAaPQ 801 2$bMiAaPQ 906 $aBOOK 912 $a9910480536003321 996 $aHardy type inequalities for abstract differential operators$92008393 997 $aUNINA